000 00431nam a2200121 4500
999 _c10524
_d10524
008 180904b ||||| |||| 00| 0 eng d
082 _aDPer 303.405 H22 June -Sept 2016 v.12 n. 7-10
245 _aStronger connection:
_bsamsung galaxy j7.
260 _aQuezon City:
_bHardware Zone Phils. Corp.,
_c©June -Sept 2016.
300 _av12 n8, page 43:
_billustrations;
_c28 cm.
650 0 _930877
_aCellular telephones.
942 _2ddc
_cPER